000 00421nam a2200169Ia 4500
999 _c10335
_d10335
003 OSt
005 20220314171500.0
008 220308s9999 xx 000 0 und d
020 _a9783035617238
082 _a720.1
_bBIE
100 _a Bielefeld, Bert
245 0 _aSpaces in architecture : areas, distances, dimensions
260 _b Birkhauser (8 October 2018)
365 _cEUR
365 _d39.95
942 _2ddc